Bułgaria - Podział administracyjny Bułgarii - Mapa - Statystyki

Ogólne statystyki
  • Ten quiz został rozwiązany 821 razy
  • Średni wynik to 9 z 28
Odpowiedzi na mapie
Odpowiedzi zakodowano w zielono-czerwonej skali na mapie do tego quizu, zgodnie z poniższymi procentami.
 
Statystyki odpowiedzi
Obwód Област % Poprawnych
Sofia София
95%
Warna Варна
77%
Burgas Бургас
61%
Płowdiw Плoвдив
53%
sofijski Софийска
42%
Stara Zagora Стара Загора
41%
Ruse Русе
40%
Montana Монтана
37%
Widyń Видин
35%
Dobricz Добрич
33%
Pernik Перник
32%
Plewen Плевен
32%
Wielkie Tyrnowo Велико Търново
30%
Wraca Враца
29%
Chaskowo Хасково
24%
Sliwen Сливен
24%
Razgrad Разград
23%
Błagojewgrad Благоевград
22%
Szumen Шумен
22%
Łowecz Ловеч
21%
Jamboł Ямбол
20%
Pazardżik Пазарджик
19%
Gabrowo Габрово
17%
Silistra Силистра
17%
Kyrdżali Кърджали
15%
Smolan Смолян
13%
Kiustendił Кюстендил
12%
Tyrgowiszte Търговище
12%
Nie znaleziono quizów pasujących do podanych kryteriów
Rozkład punktacji
Procent ludzi z każdym wynikiem
Percentyl według liczby udzielonych odpowiedzi
Twoja historia wyników
Nie rozwiązałeś tego quizu